Automatic process control for chemical engineers (Record no. 25223)

000 -LEADER
fixed length control field 00528nam a2200193 4500
001 - CONTROL NUMBER
control field 25223
003 - CONTROL NUMBER IDENTIFIER
control field BD-DhUET
008 - FIXED-LENGTH DATA ELEMENTS--GENERAL INFORMATION
fixed length control field 150304b1956 xxu||||| |||| 00| 0 eng d
040 ## - CATALOGING SOURCE
Original cataloging agency DLC
Transcribing agency DLC
Modifying agency BD-DhUET
082 ## - DEWEY DECIMAL CLASSIFICATION NUMBER
Classification number 660.28
Item number CEA/1956
100 ## - MAIN ENTRY--PERSONAL NAME
Personal name Ceaglaske, Norman H.
245 ## - TITLE STATEMENT
Title Automatic process control for chemical engineers
250 ## - EDITION STATEMENT
Edition statement 1st ed.
260 ## - PUBLICATION, DISTRIBUTION, ETC. (IMPRINT)
Place of publication, distribution, etc. New Delhi
Name of publisher, distributor, etc. Wiley Eastern
Date of publication, distribution, etc. 1956
300 ## - PHYSICAL DESCRIPTION
Extent xiv, 228 p.
Other physical details ill.
Dimensions 23 cm.
504 ## - BIBLIOGRAPHY, ETC. NOTE
Bibliography, etc Includes bibliographies
650 #0 - SUBJECT ADDED ENTRY--TOPICAL TERM
Topical term or geographic name as entry element Chemical engineering
942 ## - ADDED ENTRY ELEMENTS (KOHA)
Koha item type General Book
Holdings
Date acquired Koha date last seen Copy number Price effective from Sublocation or collection (holding branch) Withdrawn status Damaged status Source of classification or shelving scheme Piece designation (barcode) Koha item type Koha full call number Lost status Not for loan Koha normalized classification for sorting Location (home branch) Shelving location
2015-05-132015-05-1312015-05-13Central Library, BUET   32624General Book660.28/CEA/1956  660_280000000000000_CEA_1956Central Library, BUETCirculation section
2015-05-132015-05-1322015-05-13Central Library, BUET   32623General Book660.28/CEA/1956  660_280000000000000_CEA_1956Central Library, BUETCirculation section
2015-05-132015-05-1332015-05-13Central Library, BUET   32622General Book660.28/CEA/1956  660_280000000000000_CEA_1956Central Library, BUETCirculation section
2015-05-132015-05-1342015-05-13Central Library, BUET   32621General Book660.28/CEA/1956  660_280000000000000_CEA_1956Central Library, BUETCirculation section
2015-05-132015-05-1352015-05-13Central Library, BUET   20928General Book660.28/CEA/1956  660_280000000000000_CEA_1956Central Library, BUETCirculation section
2015-05-132015-05-1362015-05-13Central Library, BUET   37310General Book660.28/CEA/1956  660_280000000000000_CEA_1956Central Library, BUETCirculation section
2015-05-132015-05-1372015-05-13Central Library, BUET   32625General Book660.28/CEA/1956  660_280000000000000_CEA_1956Central Library, BUETCirculation section
2015-05-132015-05-1382015-05-13Central Library, BUET   11145General Book660.28/CEA/1956  660_280000000000000_CEA_1956Central Library, BUETCirculation section
2015-05-132015-05-1392015-05-13Central Library, BUET   11148General Book660.28/CEA/1956  660_280000000000000_CEA_1956Central Library, BUETCirculation section
2015-05-132015-05-13102015-05-13Central Library, BUET   11144General Book660.28/CEA/1956  660_280000000000000_CEA_1956Central Library, BUETCirculation section
2015-05-132015-05-13112015-05-13Central Library, BUET   12431General Book660.28/CEA/1956  660_280000000000000_CEA_1956Central Library, BUETCirculation section
2015-05-132015-05-13122015-05-13Central Library, BUET   10151General Book660.28/CEA/1956  660_280000000000000_CEA_1956Central Library, BUETCirculation section